Największe miasto Począwszy od G w tym kraju - Statystyki

Ogólne statystyki
  • Ten quiz został rozwiązany 177 razy
  • Średni wynik to 7 z 18
Statystyki odpowiedzi
Kraj G Miasto % Poprawnych
Polska Gdańsk
95%
Szwecja Göteborg
68%
Szwajcaria Genewa
67%
Wielka Brytania Glasgow
63%
Gwatemala Gwatemala
63%
Austria Graz
57%
Włochy Genua
53%
Egipt Giza
45%
Botswana Gaborone
37%
Meksyk Guadalajara
37%
Belgia Gandawa
35%
Francja Grenoble
27%
Węgry Győr
27%
Irlandia Galway
20%
Kuba Guantánamo
19%
Ekwador Guayaquil
15%
Australia Gold Coast
7%
Armenia Giumri
3%
Nie znaleziono quizów pasujących do podanych kryteriów
Rozkład punktacji
Procent ludzi z każdym wynikiem
Percentyl według liczby udzielonych odpowiedzi
Twoja historia wyników
Nie rozwiązałeś tego quizu